|
|
|
|
| LEADER |
02349nam a2200385 i 4500 |
| 001 |
36401 |
| 003 |
BD-DhAAL |
| 005 |
20241031094857.0 |
| 008 |
191020t2019 nyua b 001 0 eng d |
| 010 |
|
|
|a 2017470103
|
| 020 |
|
|
|a 9780134784229
|
| 020 |
|
|
|a 0134784227
|
| 035 |
|
|
|a (OCoLC)on1028685496
|
| 040 |
|
|
|a HUA
|b eng
|c HUA
|e rda
|d DLC
|d BD-DhAAL
|
| 042 |
|
|
|a lccopycat
|
| 050 |
0 |
0 |
|a LB1028
|b .M495 2019
|
| 082 |
0 |
4 |
|a 370.72
|2 23
|
| 100 |
1 |
|
|a Mills, Geoffrey E.,
|e author.
|9 36154
|
| 245 |
1 |
0 |
|a Educational research :
|b competencies for analysis and applications /
|c Geoffrey E. Mills and L. R. Gay
|
| 250 |
|
|
|a Twelfth edition.
|
| 260 |
|
|
|a NY, NY :
|b Pearson,
|c 2019
|
| 300 |
|
|
|a xix, 691 pages :
|b illustrations ;
|c 25 cm.
|
| 504 |
|
|
|a Includes bibliographical references and indexes.
|
| 505 |
|
|
|a PART I: FOUNDATIONAL CONCEPTS AND PROCESSES 1. Introduction to Educational Research 2. Ethics in Educational Research 3. Selecting and Defining a Research Problem 4. Reviewing the Literature 5. Preparing and Evaluating a Research Plan 6. Selecting a Sample 7. Selecting Measuring Instruments PART II: RESEARCH DESIGNS 8. Survey Research 9. Correlational Research 10. Causal-Comparative Research 11. Experimental Research 12. Single-Subject Experimental Research 13. Narrative Research 14. Ethnographic Research 15. Case Study Research 16. Mixed Methods Research: Integrating Qualitative and Quantitative Methods 17. Action Research PART III: WORKING WITH QUANTITATIVE AND QUALITATIVE DATA 18. Descriptive Statistics 19. Inferential Statistics 20. Qualitative Data Collection 21. Qualitative Research Data Analysis and Interpretation PART IV: REPORTING AND CRITIQUING RESEARCH 22. Preparing a Research Report 23. Evaluating a Research Report
|
| 526 |
|
|
|a BIL
|
| 541 |
|
|
|a Karim International
|e 36401
|
| 650 |
|
0 |
|a Education
|x Research.
|9 36155
|
| 650 |
|
0 |
|a Education
|x Research
|x Methodology.
|9 36156
|
| 650 |
|
0 |
|a Social science
|9 36157
|
| 650 |
|
0 |
|a Business & finance
|9 43299
|
| 700 |
1 |
|
|a Gay, L. R.,
|e author.
|9 36158
|
| 852 |
|
|
|a Ayesha Abed Library
|c General Stacks
|
| 942 |
|
|
|2 ddc
|c BK
|
| 999 |
|
|
|c 41629
|d 41629
|
| 952 |
|
|
|0 0
|1 0
|2 ddc
|4 0
|6 370_720000000000000_MIL
|7 0
|9 66811
|a BRACUL
|b BRACUL
|c GEN
|d 2019-10-17
|e Karim International
|g 12300.00
|l 3
|m 12
|o 370.72 MIL
|p 3010036401
|q 2026-06-22
|r 2025-06-01
|s 2025-06-01
|t 1
|v 12300.00
|w 2019-10-17
|y BK
|